书目信息 |
| 题名: |
三个折不断的女人
|
|
| 作者: | 恩迪亚耶 著 ;袁筱一 译 | |
| 分册: | ||
| 出版信息: | 上海 上海译文出版社有限公司 2024.09 |
|
| 页数: | 20,280页 | |
| 开本: | 21cm | |
| 丛书名: | 非洲法语文学译丛 | |
| 单 册: | ||
| 中图分类: | I565.45 | |
| 科图分类: | ||
| 主题词: | 长篇小说--法国--现代 | |
| 电子资源: | ||
| ISBN: | 978-7-5327-9532-1 | |
| 000 | 01533oam2 2200289 450 | |
| 001 | 012969502 | |
| 005 | 20251022144803.89 | |
| 010 | @a978-7-5327-9532-1@dCNY68.00 | |
| 100 | @a20241212d2024 em y0chiy0120 ea | |
| 101 | 1 | @achi@cfre |
| 102 | @aCN@b310000 | |
| 105 | @ay z 000ay | |
| 106 | @ar | |
| 200 | 1 | @a三个折不断的女人@9san ge zhe bu duan de nv ren@dTrois femmes puissantes@f(法)玛丽·恩迪亚耶(Marie NDiaye)著@g袁筱一译@zfre |
| 210 | @a上海@c上海译文出版社有限公司@d2024.09 | |
| 215 | @a20,280页@d21cm | |
| 225 | 1 | @a非洲法语文学译丛 |
| 300 | @a上海文化发展基金会资助项目 入选“十四五”国家重点出版物图书出版规划 | |
| 330 | @a本书讲述了:诺拉、芳达和嘉蒂生活在不同地区,处于不同阶层,分别面临着家庭、爱情和移民的困境,却有一条暗线将这三人联系在一起,那就是对命运的反抗。诺拉靠着努力成了律师,但她心中一直有个缺憾,父亲当年带着弟弟回到了达喀尔,却把母女仨留在了巴黎。而今,父亲写信说需要她的帮助,她以为可以通过自身价值来赢得父爱,结果找到的却是一个“以自我为中心的家庭暴君”。芳达为了爱情,离乡背井到法国与丈夫鲁迪相会,结果认识到鲁迪根本不可能带给她理想的生活。最后是嘉蒂,来自达喀尔的寡妇,身无一物的她打算前往法国投靠远亲,可美好的移民梦被现实的种种残酷撕裂得支离破碎。 | |
| 461 | 0 | @12001 @a非洲法语文学译丛 |
| 510 | 1 | @aTrois femmes puissantes@zfre |
| 606 | 0 | @a长篇小说@y法国@z现代 |
| 690 | @aI565.45@v5 | |
| 701 | 0 | @c(法)@a恩迪亚耶@9en di ya ye@c(女,NDiaye, Marie@f1967-)@4著 |
| 702 | 0 | @a袁筱一@9yuan xiao yi@4译 |
| 801 | 0 | @aCN@c20250911 |
| 905 | @a河南城建学院图书馆@dI565.45@eE046@ZE046@f1 | |
| 三个折不断的女人=Trois femmes puissantes/(法)玛丽·恩迪亚耶(Marie NDiaye)著/袁筱一译.-上海:上海译文出版社有限公司,2024.09 |
| 20,280页;21cm.-(非洲法语文学译丛) |
| 上海文化发展基金会资助项目 入选“十四五”国家重点出版物图书出版规划 |
| ISBN 978-7-5327-9532-1:CNY68.00 |
| 本书讲述了:诺拉、芳达和嘉蒂生活在不同地区,处于不同阶层,分别面临着家庭、爱情和移民的困境,却有一条暗线将这三人联系在一起,那就是对命运的反抗。诺拉靠着努力成了律师,但她心中一直有个缺憾,父亲当年带着弟弟回到了达喀尔,却把母女仨留在了巴黎。而今,父亲写信说需要她的帮助,她以为可以通过自身价值来赢得父爱,结果找到的却是一个“以自我为中心的家庭暴君”。芳达为了爱情,离乡背井到法国与丈夫鲁迪相会,结果认识到鲁迪根本不可能带给她理想的生活。最后是嘉蒂,来自达喀尔的寡妇,身无一物的她打算前往法国投靠远亲,可美好的移民梦被现实的种种残酷撕裂得支离破碎。 |
| ● |
| 相关链接 |
|
|
|
正题名:三个折不断的女人
索取号:I565.45/E046
 
预约/预借
| 序号 | 登录号 | 条形码 | 馆藏地/架位号 | 状态 | 备注 |
| 1 | 1636143 | 216361434 | 文学库116/116文学库 24排2列1层/ [索取号:I565.45/E046] | 在馆 |